000 00316 a2200157 4500
001 172917
020 _a
040 _cMagnum
100 _aPrado, Lucilia de Almeida
240 1 0 _aTuca o tucano
_lpor
245 1 0 _aTuca o tucano
362 0 _a1899
440 1 _aDo Brasil
697 _aI/ANIMAIS
942 _cBK
999 _c172917
_d172917